000 02002nam a2200361 i 4500
003 DO-SdBNP
005 20260415113206.0
007 ta
008 260414b1999 dr ||||| |||| 00| 0 spa d
040 _aDO-SdBNP
_bspa
_cBNPHU
_erda
041 _aspa
082 4 _a923.2
_bG984h 1999
_222
100 1 _aGutiérrez Félix, Euclides,
_d1936-
_eautor
_4aut.
_95673
245 1 0 _aHéroes y próceres dominicanos y americanos /
_cEuclides Gutiérrez Félix ; prólogo, Alejandrina Germán
250 _asegunda edición ampliada
264 1 _aSanto Domingo, República Dominicana :
_bSecretaría de Estado de Educación, Bellas Artes y Cultos,
_c1999.
300 _a272 páginas ;
_c21 cm.
336 _atexto
_btxt
_2rdacontent
337 _asin mediación
_bn
_2rdamedia
338 _avolumen
_bnc
_2rdacarrier
500 _aIncluye referencias bibliográficas y notas al pie de las páginas
504 _aBibliografía: páginas, 263-272
505 _aPrimera parte:
_tHéroes y próceres dominicanos--
_tPrólogo--
_tIntroducción /
_rEnriquillo /
_rJuan Pablo Duarte /
_rFrancisco del Rosario Sánchez /
_rMatías Ramón Cáceres /
_rantonio Duvergé /
_rJosé María Cabral /
_rPedro Pimentel /
_rGaspar Polanco /
_rGregorio Luperón
_gSegunda parte:
_tHéroes y próceres americanos--
_tIntroducción /
_rLautaro /
_rThomas Jefferson /
_rMiguel Hidalgo /
_rSimón Bolivar /
_rAntonio José de Sucre /
_rJosé de San Martín /
_rBernardo O Higgins /
_rJosé María Morelos /
_rToussaint Louverture --
_tBibliografía.
590 _aInventariado, 2026/BT
650 7 _aHéroes
_zRepública Dominicana
_xBiografía
_2LIBRUNAM
_989322
650 7 _aRevolucionarios
_zRepública Dominicana
_xBiografía
_989323
650 7 _aJefes de estado
_zRepública Dominicana
_xBiografía
_989324
651 7 _aRepública Dominicana
_xBiografía
_910879
651 7 _aAmérica
_xBiografía
_2LIBRUNAM
_989325
700 1 _aGermán, Alejandrina,
_eprologuista
_4pr.
_912096
910 _aValidado. Control de calidad MFF
942 _2ddc
_cLBS1
999 _c60547
_d60547